LEADER 01179nam a2200277 i 4500 001 000000147067 003 CaOOAMICUS 005 20211022150619.0 008 060123s1973 it u000 u ita u 013 $a124030 040 $aSeMil$bita 100 1 $aCoco Davani, Maria Carmela.$0(OLS)http://semarc/name/58417 245 13$aIl teatro di T. S. Eliot :$bda Eweeney Agonistes a The Cocktail Party /$cMaria Carmela Coco Davani. 264 1$aPalermo :$bS. F. Flaccovio,$c1973. 300 $a184 p. ;$c24 cm. 490 1 $aCollana di saggi e monografie. N.s ;$v33 541 0 $aFondo Ciprandi. 650 4$aEliot, Thomas Stearns <1888-1965> - Opere.$0(OLS)http://semarc/subject/10610 830 0$aCollana di saggi e monografie. Nuova Serie ;$v33.$0(OLS)http://semarc/title/8303 850 $aSeMil 852 $aSeMil$W1$xVenegono$y1$m1W VI 311$j99662$B99662$CSeMilBibl$Z2$F108153 $81 941 1 $a1 961 $aOmaggio: Ciprandi dott. Paolo 996 $6245$aIl teatro di T. S. Eliot :$bda Eweeney Agonistes a The Cocktail Party$9(OLS)http://semarc/title/215077 996 $6264$aPalermo :$bS. F. Flaccovio$9(OLS)http://semarc/publisher/33714 LEADER 01001nam a2200205 i 4500 001 000000229254 003 CaOOAMICUS 005 20140502000000.0 008 140502s1932 fr u000 u fre u 013 $a208156 040 $aSeMil$bita 100 1 $aSoubigou, Louis.$0(OLS)http://semarc/name/994 245 10$aDans la beauté rayonnante des Psaumes :$banthologie des psaumes. Traduction et commentaire littéraire et doctrinal /$cLouis Soubigou. 260 $aParigi :$bP. Lethielleux,$c1932. 300 $a327 p. ;$c20 cm. 650 4$aBibbia. Antico Testamento. Salmi - Commentari, studi, critica, interpretazioni.$0(OLS)http://semarc/subject/289 850 $aSeMil 852 $aSeMil$W1$xVenegono$y1$m2Z I 12$j179600$B179600$CSeMilBibl$Z2$F190716 $81 996 $6245$aDans la beauté rayonnante des Psaumes :$banthologie des psaumes. Traduction et commentaire littéraire et doctrinal$9(OLS)http://semarc/title/327934 996 $6260$aParigi :$bP. Lethielleux$9(OLS)http://semarc/publisher/31980